000
00250nam a2200097Ia 4500
001
719456
005
20250826163043.0
008
250824s9999 xx 000 0 und d
245
0
_a
AYDINLANMA DEĞİL,MERHAMET!
_c
ALEV ALATLI
260
_b
EVEREST YAYINLARI
999
_c
719456
_d
719456